| 000 | 00911nac a22002891u 4500 | ||
|---|---|---|---|
| 008 | 150817t1999 xxua|||frb||| 001 0 eng d | ||
| 010 | _a 95067706 | ||
| 020 | _a0030213088 | ||
| 020 | _a9780030213083 | ||
| 040 |
_aEG-ScBUE _beng _cEG-ScBUE |
||
| 082 | 0 | 4 |
_a336 _bHYM _222 |
| 100 | 1 | _aHyman, David N. | |
| 245 | 1 | 0 |
_aPublic finance : _ba contemporary application of theory to policy / _cDavid N. Hyman. |
| 250 | _a6th ed. | ||
| 260 |
_aFort Worth : _bDryden Press, _cc. 1999. |
||
| 300 |
_axxi, 682 p. : _bill. ; _c25 cm. |
||
| 490 | 0 | _aThe Dryden Press series in finance | |
| 500 | _aIndex : p. 672 -682. | ||
| 500 | _aGlossary : p. 663-671. | ||
| 504 | _aIncludes bibliographical references . | ||
| 590 | _aMenna Elemam | ||
| 650 | 0 |
_aFinance, Public. _2BUEsh |
|
| 650 | 0 |
_aFiscal policy. _2BUEsh |
|
| 651 | _2BUEsh | ||
| 653 |
_bBUSECO _cAugust2015 |
||
| 942 |
_cBB _k336 HYM _2ddc |
||
| 999 |
_c4618 _d4618 |
||